000 00659nam a2200205Ii 4500
003 JO-AjNU
008 230606s9999||||xx |||||||||||||| ||und||
020 _a81-8052-265-2 / 978-81-8052-265-9
040 _aJO-AjNU
_beng
_erda
_cJO-AjNU
041 _aeng
050 1 4 _aHG173 2008
100 3 _aGupta,N.K / Chopra, Monika,
_eauthor
_91401
245 0 0 _aFinancial markets, Institutions & Services
264 3 1 _aNew Delhe : Ane Books India,2008
300 _a322p
_b Includes Bibliography indexes(p317-322)
336 _atext
_btxt
_2rdacontent
337 _aunmediated
_bn
_2rdamedia
338 _avolume
_bnc
_2rdacarrier
650 4 _aFinancial markets
_91402
999 _aE739
_c739
_d739